A question of loyalty /

Bibliographic Details
Main Author: Sniderman, Paul M.
Format: Book
Language:English
Published: Berkeley, Calif. : University of California Press, [1981]
Subjects:

MARC

Tag First Indicator Second Indicator Subfields
LEADER 00000pam a2200000 a 4500
001 in00000071560
005 20151008062300.0
008 800926s1981 cau b s00110 engm
010 |a  80022932  
020 |a 0520041968 
020 |a 0520044134 (pbk.) 
035 |a (OCoLC)06861383 
035 |9 AAJ9899AM 
040 |a DLC  |c DLC  |d m.c.  |d TXA  |d UtOrBLW 
043 |a n-us--- 
049 |a TXAM  |c [932813] 
050 0 0 |a JK1764  |b .S57 
082 0 |a 323/.042/0973  |2 19 
100 1 |a Sniderman, Paul M. 
245 1 2 |a A question of loyalty /  |c Paul M. Sniderman. 
264 1 |a Berkeley, Calif. :  |b University of California Press,  |c [1981] 
264 4 |c ©1981 
300 |a x, 186 pages ;  |c 23 cm. 
336 |a text  |b txt  |2 rdacontent 
337 |a unmediated  |b n  |2 rdamedia 
338 |a volume  |b nc  |2 rdacarrier 
504 |a Includes bibliographical references and index. 
650 0 |a Political participation  |z United States  |x Public opinion. 
650 0 |a Allegiance  |z United States  |x Public opinion. 
650 0 |a Alienation (Social psychology)  |x Public opinion. 
650 0 |a Public opinion  |z United States. 
650 0 |a Personality and politics. 
999 |a MARS 
999 f f |s 4e366886-f46e-31ff-9594-e35a757ea766  |i 1353098b-d866-3360-82b2-bc3381d83b95  |t 0 
952 f f |p ric  |a Texas A&M University  |b Rellis Campus  |c Joint Library Facility  |d Remote Storage  |t 0  |e JK1764 .S57  |h Library of Congress classification  |i unmediated -- volume  |m A14806150850 
998 f f |a JK1764 .S57  |t 0  |l Remote Storage